Fußballvereine mit den meisten Mitgliedern - Statistiken

Allgemein
  • Dieses Quiz wurde 121 mal gespielt
  • Das Durchschnittsergebnis liegt bei 15 aus 30
Antwortstatistiken
Mitglieder Verein % Korrekt
360.000 FC Bayern München
93%
200.000 Borussia Dortmund
91%
110.000 Hamburger SV
77%
140.000 1.FC Köln
76%
186.000 FC Schalke 04
74%
140.000 Eintracht Frankfurt
73%
110.000 VFB Stuttgart
70%
54.200 Hertha BSC
68%
33.100 1.FC Nürnberg
67%
102.800 Borussia Mönchengladbach
65%
22.000 Hannover 96
65%
50.000 Werder Bremen
64%
33.300 Fortuna Düsseldorf
57%
29.100 VFL Bochum
56%
31.000 1.FC Kaiserslautern
53%
70.000 SC Freiburg
50%
20.500 VFL Wolfsburg
46%
50.000 Bayer 04 Leverkusen
45%
46.500 FC St. Pauli
44%
15.000 Karlsruher SC
40%
28.000 Hansa Rostock
39%
66.700 1.FC Union Berlin
35%
24.700 FC Augsburg
35%
12.400 Rot-Weiss Essen
28%
27.000 TSV 1860 München
25%
12.600 1.FC Magdeburg
24%
20.000 1.FSV Mainz 05
18%
14.500 SV Darmstadt 98
14%
28.750 SG Dynamo Dresden
13%
16.000 DSC Arminia Bielefeld
7%
Keine übereinstimmenden Quizze gefunden
Verteilung der Resultate
Anzahl Personen mit jedem Resultat
Perzentil nach korrekt beantworteten Fragen
Ihre Resultats-Entwicklung
Sie haben dieses Quiz noch nicht gespielt